[Event "SN-2011-0-00337"]
[Site "LSS email"]
[Date "2011.05.01"]
[Round "?"]
[White "Cherendler, Bong"]
[Black "Vontina, Maria"]
[Result "0-1"]
[WhiteElo "937"]
[BlackElo "651"]
[PlyCount "65"]
[EventDate "2011.04.18"]
[EventType "tourn (corr)"]
[EventRounds "6"]
[EventCountry "GER"]
[SourceTitle "Telechess CBM 145"]
[Source "Chessbase"]
[SourceDate "2011.11.11"]
[SourceVersion "1"]
[SourceVersionDate "2011.11.11"]
[SourceQuality "1"]

1. d4 Nf6 2. c4 g6 3. Nc3 Bg7 4. e4 d6 5. Nf3 0-0 6. Be2 Bg4 7. 0-0 a6 8. Be3 Nc6 9. d5 Nb8 10. b4 Nh5 11. Nd4 Bc8 12. Bxh5 gxh5 13. Qxh5 Nd7 14. h3 Nf6 15. Qe2 Kh8 16. c5 Ng8 17. Rac1 e5 18. dxe6 Bxe6 19. Rfd1 Qe7 20. cxd6 cxd6 21. Qd3 Rac8 22. Nf5 Bxf5 23. exf5 Rfd8 24. Bb6 Rd7 25. Nd5 Qf8 26. f6 Nxf6 27. Nxf6 Bxf6 28. Qf5 Rxc1 29. Qxf6+ Kg8 30. Rxc1 h6 31. Bd4 Kh7 32. Rc8 Qxc8 33. Qg7# 0-1

[Event "BI-2011-P-00010"]
[Site "LSS email"]
[Date "2011.04.17"]
[Round "?"]
[White "Sorcinelli, Andrea"]
[Black "Cherendler, Bong"]
[Result "1/2-1/2"]
[WhiteElo "2060"]
[BlackElo "918"]
[PlyCount "57"]
[EventDate "2011.04.20"]
[EventType "tourn (corr)"]
[EventRounds "10"]
[EventCountry "GER"]
[SourceTitle "Telechess CBM 157"]
[Source "ChessBase"]
[SourceDate "2013.11.12"]
[SourceVersion "1"]
[SourceVersionDate "2013.11.12"]
[SourceQuality "1"]

1. e4 c5 2. Nf3 d6 3. d4 cxd4 4. Nxd4 Nf6 5. Nc3 a6 6. Be3 e5 7. Nb3 Be7 8. f3 Be6 9. Qd2 0-0 10. 0-0-0 a5 11. Qe1 Qc8 12. a4 Nc6 13. g4 Nb4 14. g5 Ne8 15. Kb1 b5 16. Bxb5 Nc7 17. Bd3 Qb7 18. Qf2 Rfb8 19. h4 Qc6 20. f4 Nxc2 21. Bxc2 Bxb3 22. Rc1 Bc4 23. Rhd1 Rb4 24. Bd3 Rab8 25. Bxc4 Rxc4 26. Rd3 exf4 27. Qxf4 Ne6 28. Qf2 Bf8 29. h5 1/2-1/2

[Event "SN-2011-0-00330"]
[Site "LSS email"]
[Date "2011.04.06"]
[Round "?"]
[White "Cherendler, Bong"]
[Black "Bester, Kazimierz"]
[Result "1-0"]
[WhiteElo "918"]
[BlackElo "769"]
[PlyCount "53"]
[EventDate "2011.03.28"]
[EventType "tourn (corr)"]
[EventRounds "6"]
[EventCountry "GER"]
[SourceTitle "Telechess CBM 149"]
[Source "ChessBase"]
[SourceDate "2012.07.17"]
[SourceVersion "1"]
[SourceVersionDate "2012.07.17"]
[SourceQuality "1"]

1. d4 d5 2. c4 dxc4 3. e3 Qd5 4. Nc3 Qa5 5. Bxc4 Be6 6. Bxe6 fxe6 7. Qb3 b6 8. Qxe6 Nf6 9. Nf3 Nbd7 10. Ne5 0-0-0 11. Nc6 Qa6 12. Nb5 Re8 13. Ncxa7+ Kb8 14. 0-0 h6 15. Bd2 c5 16. e4 Qb7 17. Nc6+ Ka8 18. a4 Nxe4 19. a5 Nb8 20. axb6+ Na6 21. Nc7+ Qxc7 22. Rxa6+ Kb7 23. Ra7+ Kxb6 24. dxc5+ Nxc5 25. Ba5+ Kb5 26. Nd4+ Ka4 27. Qc4# 1-0

[Event "SN-2011-0-00330"]
[Site "LSS email"]
[Date "2011.04.06"]
[Round "?"]
[White "Cherendler, Bong"]
[Black "Trevis, Robert R"]
[Result "1-0"]
[WhiteElo "918"]
[BlackElo "987"]
[PlyCount "61"]
[EventDate "2011.03.28"]
[EventType "tourn (corr)"]
[EventRounds "6"]
[EventCountry "GER"]
[SourceTitle "Telechess CBM 149"]
[Source "ChessBase"]
[SourceDate "2012.07.17"]
[SourceVersion "1"]
[SourceVersionDate "2012.07.17"]
[SourceQuality "1"]

1. d4 d5 2. c4 c6 3. Nf3 Nf6 4. Nc3 dxc4 5. a4 Bf5 6. Ne5 Nbd7 7. Nxc4 Qc7 8. g3 e5 9. dxe5 Nxe5 10. Bf4 Rd8 11. Qc1 Bd6 12. Nxd6+ Qxd6 13. Bg2 0-0 14. 0-0 Rfe8 15. Rd1 Qe7 16. Rxd8 Rxd8 17. Qe3 Nfg4 18. Qxa7 Qb4 19. h3 Qxb2 20. Rd1 Re8 21. hxg4 Bc2 22. Rc1 b6 23. Bxc6 Nxc6 24. Qd7 Rd8 25. Qxc6 Qb3 26. Nb5 Bg6 27. Qd7 Rf8 28. Rc8 Qb1+ 29. Kh2 Qb4 30. Bd6 Qxd6 31. Nxd6 1-0

[Event "LSS RN-2010-0-00335"]
[Site "LSS email"]
[Date "2010.12.01"]
[Round "?"]
[White "Cherendler, Bong"]
[Black "Molina, Vicente Andres"]
[Result "1-0"]
[WhiteElo "896"]
[BlackElo "814"]
[PlyCount "71"]
[EventDate "2010.11.08"]
[EventType "tourn (corr)"]
[EventRounds "6"]
[EventCountry "GER"]
[SourceTitle "Telechess CBM 145"]
[Source "Chessbase"]
[SourceDate "2011.11.11"]
[SourceVersion "1"]
[SourceVersionDate "2011.11.11"]
[SourceQuality "1"]

1. d4 Nf6 2. c4 c5 3. d5 d6 4. Nc3 e6 5. Nf3 exd5 6. cxd5 Nbd7 7. g3 g6 8. Bg2 Bg7 9. 0-0 0-0 10. Bf4 Nb6 11. a4 Bg4 12. a5 Nc8 13. a6 b6 14. h3 Bd7 15. Qb3 Re8 16. Nd2 Rb8 17. Nc4 Bf5 18. g4 Be4 19. Nxe4 Nxe4 20. f3 Ng5 21. h4 Ne4 22. fxe4 Bd4+ 23. e3 Bg7 24. Bg3 Qe7 25. e5 dxe5 26. d6 Nxd6 27. Nxd6 Qxd6 28. Qxf7+ Kh8 29. Rad1 Qe6 30. Qxe6 Rxe6 31. Rf7 Bh6 32. g5 Bg7 33. Rdd7 Rg8 34. Bd5 Ree8 35. Rxg7 Rxg7 36. Bxe5 1-0

[Event "LSS RN-2010-0-00335"]
[Site "LSS email"]
[Date "2010.12.01"]
[Round "?"]
[White "Cherendler, Bong"]
[Black "Smith, Harry E"]
[Result "0-1"]
[WhiteElo "896"]
[BlackElo "617"]
[PlyCount "50"]
[EventDate "2010.11.08"]
[EventType "tourn (corr)"]
[EventRounds "6"]
[EventCountry "GER"]
[SourceTitle "Telechess CBM 145"]
[Source "Chessbase"]
[SourceDate "2011.11.11"]
[SourceVersion "1"]
[SourceVersionDate "2011.11.11"]
[SourceQuality "1"]

1. d4 d5 2. c4 dxc4 3. Nf3 e6 4. e3 b5 5. a4 c6 6. Nc3 Qa5 7. Bd2 Qb6 8. Ne5 Bb4 9. Qf3 Nh6 10. axb5 Bxc3 11. Bxc3 Bb7 12. Nxc4 Qc7 13. Ba5 Qd7 14. Ne5 Qe7 15. bxc6 Bxc6 16. Nxc6 Qb7 17. Nb4 Qxf3 18. gxf3 0-0 19. Bd3 Nd7 20. Ke2 e5 21. d5 Rab8 22. Rab1 Nc5 23. Nc6 Rb3 24. Bc3 Na4 25. Bxe5 Rd8 0-1